000
00331 a2200145 4500
001
151024
040
_c
Escola São Tomás de Aquino
100
_a
BRANDÃO, Toni
240
1
0
_a
Perdido na amazônia 1
_l
por
245
1
0
_a
Perdido na amazônia 1
300
_a
174
362
0
_a
2005
697
_a
*LITERATURA JUVENIL
942
_c
BK
999
_c
151024
_d
151024